000 00615nam a2200229Ia 4500
003 OSt
005 20221006164319.0
006 a|||||r|||| 00| 0
007 ta
008 221006b |||||||| |||| 00| 0 eng d
024 _a2,147
037 _cTextual
040 _aFML
_cFML
_beng
041 _2eng
_aeng
082 _aO15,1:g, 111P8
100 _aRaghavan V Au.
245 0 _aPrayers, Praises and Palms
260 _aChennai
_bV. Raghavan Centre for Performing Arts
_c2008
300 _a510 +16
_ccm.
942 _hO15,1:g, 111P8
_cTEXL
_2CC
999 _c1116821
_d1116821